| 000 | 00839cab a2200277 4500 | ||
|---|---|---|---|
| 001 | ABS67596 | ||
| 008 | 040317n2004 000 0 eng u | ||
| 035 | _a(Sirsi) u125455 | ||
| 245 | _aFocus 2: West End | ||
| 260 | _c2004 | ||
| 490 |
_aEstates Gazette _v(0411) 13 March 2004, 87-109(13) |
||
| 590 | _aABS | ||
| 650 | _aWEST END OF LONDON | ||
| 650 | _aPROPERTY-COMMERCIAL PROPERTY-RETAIL PROPERTY-RETAIL PROPERTY MARKET | ||
| 650 | _aPROPERTY-COMMERCIAL PROPERTY-OFFICE PROPERTY-OFFICE PROPERTY MARKET | ||
| 650 | _aCARNABY STREET | ||
| 650 | _aBELGRAVIA | ||
| 650 | _aREGENT STREET | ||
| 650 | _aOXFORD STREET | ||
| 650 | _aVACANCY RATES | ||
| 650 | _aINVESTMENT | ||
| 650 | _aBUSINESS RATES | ||
| 650 | _aINFRASTRUCTURE FUNDING | ||
| 690 | _aPROPERTY-COMMERCIAL PROPERTY-COMMERCIAL PROPERTY MARKET | ||
| 942 | _n0 | ||
| 999 |
_c74280 _d74280 |
||